|
|
|
|
| LEADER |
00000nam0a2200000 4500 |
| 001 |
358842 |
| 005 |
20231102011132.0 |
| 035 |
|
|
|a (RuTPU)RU\TPU\retro\16114
|
| 090 |
|
|
|a 358842
|
| 100 |
|
|
|a 20200828d1973 km y0rusy50 ca
|
| 101 |
0 |
|
|a rus
|
| 102 |
|
|
|a RU
|
| 105 |
|
|
|a a z 001zy
|
| 200 |
1 |
|
|a Петрология, литология и биостратиграфия
|e сборник научных трудов
|
| 210 |
|
|
|a Ленинград
|c Изд-во ЛГПИ
|d 1973
|
| 215 |
|
|
|a 223 с.
|c ил.
|
| 320 |
|
|
|a Библиогр. в конце ст.
|
| 606 |
1 |
|
|a Петрология
|2 stltpush
|3 (RuTPU)RU\TPU\subj\48710
|9 67556
|
| 606 |
1 |
|
|a Литология
|2 stltpush
|3 (RuTPU)RU\TPU\subj\40434
|9 60283
|
| 606 |
1 |
|
|a Биостратиграфия
|x (палеонтология)
|2 stltpush
|3 (RuTPU)RU\TPU\subj\28746
|9 52245
|
| 610 |
1 |
|
|a металлогения
|
| 610 |
1 |
|
|a минералогия
|
| 610 |
1 |
|
|a типоморфные минералы
|
| 610 |
1 |
|
|a дайки
|
| 610 |
1 |
|
|a Тургайский прогиб
|
| 610 |
1 |
|
|a гранитоидные породы
|
| 610 |
1 |
|
|a гидрогеология
|
| 610 |
1 |
|
|a конодонты
|
| 610 |
1 |
|
|a палеоген-неогеновые отложения
|
| 675 |
|
|
|a 552
|v 4
|
| 675 |
|
|
|a 552.5
|v 4
|
| 675 |
|
|
|a 56
|v 4
|
| 702 |
|
1 |
|a Махлаев
|b В. Г.
|4 340
|
| 712 |
0 |
2 |
|a Ленинградский государственный педагогический институт им. А. И. Герцена
|2 stltpush
|3 (RuTPU)RU\TPU\col\8005
|9 24447
|
| 801 |
|
1 |
|a RU
|b 63413507
|c 20200828
|
| 801 |
|
2 |
|a RU
|b 63413507
|c 20210406
|g RCR
|
| 942 |
|
|
|c BK
|